000
00338 a2200157 4500
001
61916
020
_a
9788565765138
040
_c
Anchieta - Pituba
100
_a
Rhodes, Morgan
240
1
0
_a
A queda dos Reinos
_l
por
245
1
0
_a
A queda dos Reinos
300
_a
399
362
0
_a
2013
650
4
_a
Literatura juvenil
942
_c
BK
999
_c
61916
_d
61916